लोक साहित्य और वैश्वीकरण / (Record no. 208123)

MARC details
000 -LEADER
fixed length control field 00928nam a22002057a 4500
005 - DATE AND TIME OF LATEST TRANSACTION
control field 20250107145652.0
010 ## - LCCN (DPL NO)
LC control number HIN-129177
020 ## - INTERNATIONAL STANDARD BOOK NUMBER
International Standard Book Number 9788190555500
Terms of availability 495.00
035 ## - SYSTEM CONTROL NUMBER
System control number HN-101523
037 ## - SOURCE OF ACQUISITION
Source of stock number/acquisition DBAD
082 ## - DEWEY DECIMAL CLASSIFICATION NUMBER
Classification number 3982.2
100 ## - MAIN ENTRY--PERSONAL NAME
Personal name गुप्ता, सरोज
245 ## - TITLE STATEMENT
Title लोक साहित्य और वैश्वीकरण /
Statement of responsibility, etc सरोज गुप्ता और संगीता सुहाने द्वारा संपादित
250 ## - EDITION STATEMENT
Edition statement प्रथम
260 ## - PUBLICATION, DISTRIBUTION, ETC. (IMPRINT)
Place of publication, distribution, etc इलाबाद
Name of publisher, distributor, etc अनुभूति पब्लिशर्स
Date of publication, distribution, etc 2016
270 ## - ADDRESS
Address 52,तुलारामबाग
City इलाहबाद
Postal code 211006
Telephone number 9827514447
Electronic mail address vinodshukla185@gmail.com
300 ## - PHYSICAL DESCRIPTION
Extent 166 पृ.
Dimensions 22सेमी (सजिल्द)
700 ## - ADDED ENTRY--PERSONAL NAME
Personal name सुहाने, संगीता
9 (RLIN) 75969
942 ## - ADDED ENTRY ELEMENTS (KOHA)
Source of classification or shelving scheme Dewey Decimal Classification
Item type Hindi Books
Classification part 398.2
Call number suffix लोकसा
Holdings
Withdrawn status Lost status Not for loan Collection code Home library Current library Date acquired Source of acquisition Cost, normal purchase price Full call number Barcode Copy number Cost, replacement price Koha item type
      Non-fiction Sarojini Nagar Sarojini Nagar 07/01/2025 DBAD 495.00 398.2 लोकसा HN-101523 1 495.00 Hindi Books

© Delhi Public Library
Hit Counter
free hit counter